[Event "Titled Tue 7th Mar Early"]
[Site "chess.com INT"]
[Date "2023.03.07"]
[Round "7"]
[White "Terry, R."]
[Black "Bharath, Subramaniyam H"]
[Result "1-0"]
[WhiteElo "2520"]
[BlackElo "2517"]
[PlyCount "89"]
[EventDate "2023.03.07"]

1. Nf3 c5 2. e3 Nf6 3. b3 g6 4. Bb2 Bg7 5. c4 O-O 6. Be2 d6 7. O-O Nc6 8. d4 cxd4 9. Nxd4 Bd7 10. Nc3 Rc8 11. Bf3 a6 ({RR} 11... Qc7 12. Ndb5 Qb8 13. Nd5 Nxd5 14. Bxg7 Nxe3 15. fxe3 Kxg7 16. Nc3 Ne5 17. Qd4 Kg8 18. Bd5 Bc6 19. Qh4 Rce8 20. Qh6 Ng4 21. Qg5 Nf6 22. Rxf6 exf6 23. Qh6 Re5 24. g4 Qe8 25. Rf1 Rxe3 26. Rxf6 {Pacheco Marte,S (1968)-Silva Alvarez,M (1658) Medellin COL 2025 ½-½}) 12. Rc1 ({RR} 12. Qd2 Qa5 13. Rfd1 Rfe8 14. Nde2 b5 15. cxb5 axb5 16. a4 bxa4 17. Nxa4 Qxd2 18. Rxd2 Na5 19. Ra3 Nxb3 20. Rxb3 Bxa4 21. Rb4 Bc6 22. Bxc6 Rxc6 23. h3 h5 24. Nf4 Nd7 25. Bxg7 Kxg7 26. Rb7 Nc5 {Stremavicius,T (2529)-Petriashvili,N (2423) Chess.com INT 2020 0-1 (41)}) 12... Qb6 13. Qd2 $146 ({RR} 13. c5 dxc5 14. Na4 Qa7 15. Nxc5 Be8 16. Nd3 Bd7 17. Nxc6 Bxc6 18. Bxc6 bxc6 19. Bd4 Qd7 20. Nc5 Qf5 21. Qf3 Qxf3 22. gxf3 Ra8 23. Na4 Nd7 24. Bxg7 Kxg7 25. Rfd1 Ra7 26. Rxc6 Ne5 27. Rc5 Nxf3+ {Rosenberger,B (2217)-Sunder,T (2200) Germany 2016 ½-½ (60)}) 13... Ne5 14. Be2 Rfd8 15. Rfd1 Qa5 16. h3 h5 17. Rc2 h4 18. Rdc1 g5 19. f3 Ng6 20. Bd3 Ne5 21. Bf1 e6 22. e4 Ng6 23. Nde2 Bc6 24. Nd1 Qxd2 25. Rxd2 Nh5 26. Ba3 Be5 27. Ne3 Ngf4 28. Nd4 Be8 29. Ng4 Bg7 30. Rcd1 Ng3 31. Ne2 Ngxe2+ 32. Bxe2 d5 33. Be7 Rd7 34. Bxg5 Nxe2+ 35. Rxe2 dxc4 36. Rxd7 Bxd7 37. bxc4 Rxc4 38. Rd2 Rd4 39. Rc2 Rd1+ 40. Kh2 Kf8 41. Bxh4 Bd4 42. Bf6 Bg1+ 43. Kg3 Ke8 44. Rc7 Bb6 45. Rxb7 1-0

[Event "Titled Tue 7th Mar Early"]
[Site "chess.com INT"]
[Date "2023.03.07"]
[Round "9"]
[White "Nakamura, Hi"]
[Black "Narayanan, Sri"]
[Result "1-0"]
[WhiteElo "2768"]
[BlackElo "2559"]
[PlyCount "135"]
[EventDate "2023.03.07"]

1. Nf3 d5 2. g3 g6 3. e3 Bg7 4. c4 c6 5. d4 Nf6 6. Qb3 $146 ({RR} 6. b3 O-O 7. Nbd2 Bf5 8. a3 Qc8 9. h3 Ne4 10. Bb2 h5 11. cxd5 cxd5 12. Rc1 Qd8 13. Nh4 Bd7 14. Nxe4 dxe4 15. Be2 Nc6 16. g4 e5 17. d5 Qxh4 18. dxc6 Bxc6 19. gxh5 Rad8 20. Qc2 gxh5 {Gavrikov,V (1678)-Orlov,A (2061) St Petersburg 2008 0-1}) 6... O-O 7. Bg2 a5 8. cxd5 Nxd5 9. a3 a4 10. Qc2 Nd7 11. O-O e5 12. e4 N5b6 13. Rd1 exd4 14. Nxd4 Qe7 15. Be3 Ne5 16. Nxc6 bxc6 17. Bxb6 Bg4 18. Rc1 Rfb8 19. Bc5 Qd7 20. Nc3 Nf3+ 21. Kh1 Ra5 22. Nxa4 Qe6 23. b4 Rxa4 24. Qxa4 Bxa1 25. Rxa1 Qe5 26. Rc1 Qh5 27. h4 g5 28. Qa7 Rc8 29. Bxf3 Bxf3+ 30. Kg1 Qg4 31. Qe7 h6 32. Kh2 Bxe4 33. Re1 Bd5 34. Qf6 gxh4 35. Bd4 hxg3+ 36. fxg3 Qh5+ 37. Qh4 Qxh4+ 38. gxh4 Ra8 39. Re3 Kh7 40. Rg3 Rg8 41. Re3 Rg4 42. Bf6 Kg6 43. Bd8 Re4 44. Rg3+ Kh7 45. Rd3 Re2+ 46. Kg3 Rb2 47. Kf4 Rb3 48. Rxb3 Bxb3 49. Ke5 Kg6 50. Kd6 Ba4 51. Kc5 f5 52. Bc7 Kh5 53. Kb6 Kg4 54. Ka5 Bb5 55. a4 Be2 56. Kb6 f4 57. Bxf4 Kxf4 58. Kxc6 Kg4 59. b5 Kxh4 60. b6 Kg5 61. Kc7 Bf3 62. a5 h5 63. a6 h4 64. b7 Bxb7 65. axb7 Kg4 66. b8=Q h3 67. Kc6 Kf3 68. Qh2 1-0

[Event "Titled Tue 7th Mar Early"]
[Site "chess.com INT"]
[Date "2023.03.07"]
[Round "10"]
[White "Nakamura, Hi"]
[Black "Kamsky, G."]
[Result "1-0"]
[WhiteElo "2768"]
[BlackElo "2663"]
[PlyCount "81"]
[EventDate "2023.03.07"]

1. Nf3 Nf6 2. g3 g6 3. b3 Bg7 4. Bb2 O-O 5. Bg2 d6 6. d4 Bf5 7. Nbd2 ({RR} 7. c4 Qc8 8. h3 c5 9. Nc3 Nc6 10. Rc1 Bh6 11. d5 Bxc1 12. Qxc1 Nd4 13. g4 Bd7 14. Qh6 Nxf3+ 15. Bxf3 Ne8 16. Ne4 f6 17. h4 Bxg4 18. h5 gxh5 19. Ng5 fxg5 20. Qxg5+ Kf7 21. Qxh5+ Bxh5 {Radjabov,T (2710)-Bortnyk,O (2581) Doha 2016 1-0}) ({RR} 7. O-O d5 8. c4 c6 9. Nbd2 Ne4 10. e3 Nd7 11. Rc1 Re8 12. h3 Nxd2 13. Nxd2 Be6 14. e4 dxc4 15. Nxc4 Bxc4 16. Rxc4 Nb6 17. Rc2 Qd7 18. Rd2 Rad8 19. Qe2 e5 20. Rfd1 exd4 21. b4 Na4 {Panin,M (2189)-Kobalia,M (2538) chess.com INT 2025 0-1 (33)}) ({RR} 7. O-O Qc8 8. c4 Bh3 9. d5 Bxg2 10. Kxg2 c6 11. dxc6 bxc6 12. Nc3 Nbd7 13. Qc2 a5 14. Na4 Qb7 15. c5 d5 16. Ne5 Nxe5 17. Bxe5 Nd7 18. Bxg7 Kxg7 19. e4 Rfc8 20. Rac1 Qc7 21. Rfe1 e6 {Mahdavi,R (2304)-Kamsky,G (2664) chess.com INT 2023 ½-½ (88)}) 7... Qc8 8. h3 $146 ({RR} 8. O-O Na6 9. c4 c5 10. d5 Rb8 11. Ne1 b5 12. cxb5 Rxb5 13. e4 Bg4 14. f3 Bd7 15. Nc4 Nc7 16. Nd3 Qa6 17. Rf2 e6 18. Nxd6 Qxd6 19. e5 Qb6 20. exf6 Bh8 21. Ne5 Rd8 22. dxe6 Qxe6 {Jakobsen,O-Moe,M Esbjerg 1972 1-0 (57)}) 8... Re8 9. Nh4 Bd7 10. e4 e5 11. d5 a5 12. a3 Na6 13. Qe2 Nc5 14. O-O-O b5 15. Kb1 c6 16. dxc6 Qxc6 17. Rhe1 Rac8 18. Nf1 Be6 19. f4 a4 20. f5 Bd7 21. b4 Ncxe4 22. Bxe4 d5 23. Bg2 e4 24. fxg6 hxg6 25. Ne3 Be6 26. Bf1 Rb8 27. Nhg2 Nd7 28. Bxg7 Kxg7 29. Nf4 Ne5 30. Nexd5 Bxd5 31. Rxd5 Nc4 32. Rc5 Qf6 33. Rxc4 bxc4 34. Qe3 Rbc8 35. Nd5 Qd6 36. Qc3+ f6 37. Ne3 Kh7 38. g4 Qg3 39. Kb2 Re5 40. Nxc4 e3 41. Rxe3 1-0

[Event "Titled Tue 7th Mar Early"]
[Site "chess.com INT"]
[Date "2023.03.07"]
[Round "11"]
[White "Nihal, Sarin"]
[Black "Bluebaum, M."]
[Result "1-0"]
[WhiteElo "2676"]
[BlackElo "2661"]
[PlyCount "79"]
[EventDate "2023.03.07"]

1. Nf3 d5 2. e3 c5 3. b3 a6 4. Bb2 Nc6 5. d4 cxd4 6. Nxd4 Nf6 7. Nxc6 bxc6 8. Nd2 e6 9. Bd3 Bd6 ({RR} 9... Be7 10. O-O O-O 11. c4 a5 12. Qc2 h6 13. Nf3 Ba6 14. e4 Qb6 15. Rfe1 Rfd8 16. Rac1 Rac8 17. c5 Qb7 18. Bxa6 Qxa6 19. Bxf6 Bxf6 20. e5 Be7 21. Nd4 Rd7 22. f4 Rb7 23. a3 Rcb8 24. Re3 {Nakamura,H (2792)-Caruana,F (2807) Saint Louis 2017 1-0 (91)}) 10. O-O O-O 11. c4 e5 12. Rc1 $146 ({RR} 12. cxd5 cxd5 13. e4 d4 14. Nc4 Bc7 15. f4 exf4 16. e5 Ng4 17. Be4 Rb8 18. Rxf4 Qg5 19. Rf1 Nxe5 20. Bc1 Qh4 21. Rf4 Ng4 22. Rxg4 Bxg4 23. g3 Bxg3 24. Qc2 Bxh2+ 25. Qxh2 Qe1+ 26. Kg2 Qxe4+ {Segers,V (2095)-Van den Brande,W (2205) Antwerp 1999 0-1 (39)}) 12... Qe7 13. Be2 Bb7 14. Nf3 Ne4 15. Rc2 f5 16. cxd5 cxd5 17. Nd2 Nf6 18. Qa1 Rae8 19. Rfc1 h6 20. a4 e4 21. g3 Qe6 22. Bd4 g5 23. b4 f4 24. Nb3 fxg3 25. fxg3 Nd7 26. Nc5 Bxc5 27. bxc5 Bc6 28. Bh5 Rb8 29. Rf1 Rxf1+ 30. Qxf1 Rf8 31. Rf2 Rxf2 32. Qxf2 Bxa4 33. h3 Bc6 34. Bg4 Qe7 35. Qf5 Nf8 36. Qc8 Bd7 37. Qxa6 Bxg4 38. hxg4 Qe6 39. Qb7 Qxg4 40. Qg7# 1-0

[Event "Titled Tue 7th Mar Late"]
[Site "chess.com INT"]
[Date "2023.03.07"]
[Round "7"]
[White "Nakamura, Hi"]
[Black "Vazquez, Guillermo"]
[Result "1-0"]
[WhiteElo "2768"]
[BlackElo "2575"]
[PlyCount "69"]
[EventDate "2023.03.07"]

1. Nf3 d5 2. g3 Nc6 3. d4 Bf5 4. a3 e6 5. Bg2 Be7 6. b3 Nf6 7. c4 O-O 8. Bb2 h6 9. O-O a5 10. Nbd2 Ne4 11. Rc1 Nxd2 $146 ({RR} 11... Nb8 12. Nxe4 Bxe4 13. Nd2 Bxg2 14. Kxg2 f5 15. Nf3 Nd7 16. Qd3 c6 17. a4 Bd6 18. Bc3 Qe7 19. Rfd1 f4 20. Nh4 Rf6 21. Ng6 Qf7 22. Ne5 Bxe5 23. dxe5 Rf5 24. g4 Nxe5 25. Bxe5 Rxe5 26. Qf3 {Spasic,P (2304)-Nestorovic,N (2458) Bajina Basta SRB 2024 0-1 (77)}) 12. Nxd2 Bf6 13. e3 Ne7 14. Qe2 c6 15. Rfd1 Re8 16. h4 Nc8 17. e4 dxe4 18. Nxe4 Bxe4 19. Bxe4 Nd6 20. Bb1 g6 21. h5 g5 22. Qd3 Kf8 23. Rd2 Bg7 24. a4 f5 25. Re1 Qd7 26. g4 Kg8 27. Rde2 Ne4 28. f3 Nd6 29. c5 Nf7 30. b4 Rad8 31. Ba2 Bxd4+ 32. Bxd4 Qxd4+ 33. Qxd4 Rxd4 34. gxf5 g4 35. Rxe6 1-0

[Event "Titled Tue 7th Mar Late"]
[Site "chess.com INT"]
[Date "2023.03.07"]
[Round "9"]
[White "Fedoseev, Vl3"]
[Black "Carlsen, M."]
[Result "1-0"]
[WhiteElo "2674"]
[BlackElo "2852"]
[PlyCount "125"]
[EventDate "2023.03.07"]

1. Nf3 Nf6 2. g3 b6 3. Bg2 Bb7 4. O-O g6 5. c4 Bg7 6. Nc3 O-O 7. d4 Ne4 8. Qc2 Nxc3 9. Qxc3 c5 10. e3 cxd4 11. exd4 d5 12. Ne5 e6 13. Bf4 Nc6 $146 ({RR} 13... Nd7 14. b3 Rc8 15. Rac1 Nxe5 16. Bxe5 Bxe5 17. dxe5 Qe7 18. Qd2 dxc4 19. bxc4 Rc5 20. f4 Rfc8 21. Rfd1 Bxg2 22. Kxg2 Rxc4 23. Rxc4 Rxc4 24. Qd8+ Qxd8 25. Rxd8+ Kg7 26. Rd2 Rc3 27. h4 Ra3 28. Rc2 {Poliannikov,D (2227)-Borsuk,K (2401) Chess.com INT 2020 0-1 (49)}) 14. cxd5 Nxe5 15. dxe5 Bxd5 16. Rfd1 Rc8 17. Qa3 Rc5 18. b4 Rc7 19. Bxd5 exd5 20. Rd3 Rd7 21. Rad1 Qa8 22. Qb3 Rfd8 23. Bg5 Re8 24. f4 h6 25. Bh4 g5 26. fxg5 hxg5 27. Bxg5 Rxe5 28. Bf4 Re2 29. R3d2 Rxd2 30. Rxd2 d4 31. Qd3 Qd5 32. Re2 Rd8 33. h4 Rc8 34. Kh2 Bf6 35. Bd2 Kg7 36. Rf2 Re8 37. Qf1 Re6 38. Bg5 Bxg5 39. Rxf7+ Kg6 40. hxg5 Re2+ 41. Qxe2 Kxf7 42. Qh5+ Kg8 43. Qg6+ Kf8 44. Qf6+ Kg8 45. Qg6+ Kf8 46. Qf6+ Ke8 47. Qg6+ Kd7 48. Qh7+ Kc6 49. g6 Qxa2+ 50. Kh3 Qe6+ 51. g4 d3 52. g7 d2 53. Qc2+ Kb5 54. Qxd2 Qf7 55. Qg5+ Kxb4 56. g8=Q Qf3+ 57. Kh4 Qh1+ 58. Kg3 Qg1+ 59. Kf4 Qd4+ 60. Kf5 Qd3+ 61. Kf6 Qd4+ 62. Kg6 Qe4+ 63. Kh6 1-0

[Event "Titled Tue 7th Mar Late"]
[Site "chess.com INT"]
[Date "2023.03.07"]
[Round "11"]
[White "Nakamura, Hi"]
[Black "Keymer, Vincent"]
[Result "1-0"]
[WhiteElo "2768"]
[BlackElo "2699"]
[PlyCount "133"]
[EventDate "2023.03.07"]

1. Nf3 d5 2. b3 Bg4 3. e3 e6 4. Bb2 Nd7 ({RR} 4... c6 5. d4 Nf6 6. Nbd2 Bd6 7. c4 Ne4 8. h3 Nxd2 9. hxg4 Ne4 10. Bd3 Bb4+ 11. Ke2 f5 12. Ne5 Qf6 13. Bxe4 fxe4 14. f4 exf3+ 15. gxf3 Nd7 16. Nxd7 Kxd7 17. Qg1 Raf8 18. Rf1 Qg6 19. Rc1 {Demchenko,Y (2286)-Jaskolka,T (2200) chess.com INT 2025 0-1 (40)}) 5. d3 ({RR} 5. h3 Bh5 6. d3 c6 7. Nbd2 a5 8. a3 h6 9. g4 Bg6 10. Qe2 Ngf6 11. e4 a4 12. b4 c5 13. e5 Ng8 14. b5 h5 15. Bg2 hxg4 16. hxg4 Rxh1+ 17. Bxh1 Nh6 18. c4 Nb6 19. d4 Rc8 {Nisipeanu,L (2678)-Svidler,P (2727) Baku 2015 ½-½}) ({RR} 5. h3 Bh5 6. d3 h6 7. Be2 Ngf6 8. Nbd2 Bd6 9. O-O O-O 10. e4 e5 11. Re1 Re8 12. Nh2 Bg6 13. exd5 Nxd5 14. Bh5 Bh7 15. Nc4 Nf4 16. Bf3 Bb4 17. Re3 Bc5 18. d4 exd4 19. Bxd4 Bxc2 {Artemiev,V (2701)-Keymer,V (2696) Almaty KAZ 2022 1-0 (55)}) 5... Ngf6 6. h3 Bxf3 $146 ({RR} 6... Bh5 7. Nbd2 a5 8. a4 Bb4 9. Be2 Qe7 10. g4 Bg6 11. Ne5 O-O-O 12. h4 h6 13. Nxg6 fxg6 14. c3 Bd6 15. d4 e5 16. Qc2 exd4 17. cxd4 Ne4 18. Nxe4 dxe4 19. Bc3 Bb4 20. O-O-O Nf6 21. Bxb4 {Korba,R (2192)-Lindinger,M (2299) Germany 2015 0-1 (37)}) 7. Qxf3 a5 8. a3 a4 9. b4 c5 10. bxc5 Bxc5 11. Nd2 Qb6 12. Rb1 Qd6 13. Ra1 Qb6 14. Ra2 O-O 15. d4 Be7 16. c4 Qa5 17. cxd5 exd5 18. Bd3 b5 19. Ke2 Nb6 20. g4 Nc4 21. Bc1 Rad8 22. g5 Ne8 23. h4 Nc7 24. Qf5 g6 25. Qh3 Ne6 26. Nf3 Rfe8 27. h5 Bxg5 28. Kf1 Qc3 29. Bc2 Bf6 30. hxg6 hxg6 31. Kg2 Kf8 32. Rd1 Kg7 33. Qg4 Rh8 34. Bd3 Qa5 35. Bd2 Qc7 36. Bb4 Qd7 37. Bf5 Rde8 38. Rg1 Rh5 39. Kf1 Rxf5 40. Qxf5 Qc6 41. Rc2 Rc8 42. Rc3 Qd7 43. Qg4 Nb6 44. Rxc8 Qxc8 45. Kg2 Qc2 46. Rh1 Nc4 47. Kg3 Qe4 48. Qxe4 dxe4 49. Nd2 Nxd2 50. Bxd2 Be7 51. Rb1 Nc7 52. Bb4 Bxb4 53. Rxb4 Kf6 54. f3 Kf5 55. d5 exf3 56. d6 Ne6 57. Rxb5+ Kf6 58. Rb8 Nc5 59. Rc8 Nd7 60. Re8 Nb6 61. e4 f2 62. Kxf2 Nd7 63. Re7 Nb6 64. e5+ Kf5 65. d7 Nxd7 66. Rxd7 Kxe5 67. Ra7 1-0

[Event "PRO League Prelim 2023"]
[Site "chess.com INT"]
[Date "2023.03.10"]
[Round "4.4"]
[White "Carlsen, M."]
[Black "Mamedov, Rau"]
[Result "1-0"]
[WhiteElo "2852"]
[BlackElo "2646"]
[PlyCount "141"]
[EventDate "2023.02.14"]
[WhiteTeam "Canada ChessBrahs"]
[BlackTeam "Levitov Chess Wizards"]

1. Nf3 Nf6 2. g3 g6 3. b3 b6 4. Bg2 Bb7 5. O-O Bg7 6. Bb2 O-O 7. c4 c5 8. d4 cxd4 9. Qxd4 d6 10. Nc3 Nbd7 11. Ne1 ({RR} 11. Qd2 a6 12. Rfd1 Rc8 13. Rac1 Re8 14. Ne1 Qc7 15. Nd5 Qb8 16. Bh3 Ne4 17. Qc2 Bxb2 18. Qxb2 e6 19. Ne3 Ng5 20. Bg2 Bxg2 21. Kxg2 f5 22. Nd3 Qb7+ 23. f3 Nf7 24. Nf4 Rc5 25. Nd3 Rc7 {Svidler,P (2760)-Gelfand,B (2695) Moscow 2018 ½-½ (41)}) 11... Bxg2 12. Nxg2 Ne5 $146 ({RR} 12... a6 13. Ne3 Rb8 14. Rfd1 Re8 15. Rac1 Qc8 16. Ncd5 h5 17. Rc2 Qb7 18. Qf4 Rbc8 19. Qf3 Qb8 20. Bxf6 Nxf6 21. Nxf6+ Bxf6 22. Nd5 Bg7 23. Rdc1 Bh6 24. e3 Bg7 25. a4 Kf8 26. b4 Qb7 27. Kg2 {Hungaski,R (2510)-Cordova,E (2621) Montevideo 2018 ½-½ (48)}) ({RR} 12... a6 13. Qd2 Re8 14. Ne3 Qc7 15. Rac1 Qb7 16. Ncd5 Rac8 17. Nxf6+ Nxf6 18. Nd5 Nxd5 19. Bxg7 Kxg7 20. cxd5 Rc5 21. e4 Rec8 22. Rxc5 {½-½ (22) Wirthensohn,H (2267)-Hardicsay,P (2175) Catez SLO 2024}) 13. Rfd1 Qc8 14. Nf4 Re8 15. Qd2 h5 16. Ncd5 Ne4 17. Qc2 Ng5 18. Rac1 h4 19. f3 h3 20. Nd3 e6 21. Ne3 Qb7 22. Nxe5 dxe5 23. Ng4 Nxf3+ 24. exf3 Qxf3 25. Nxe5 Bxe5 26. Bxe5 Qe3+ 27. Qf2 Qxe5 28. Rd7 Rf8 29. Rf1 Qf5 30. Qe3 Qc5 31. Qxc5 bxc5 32. g4 a5 33. a4 Rad8 34. Rfxf7 Rxd7 35. Rxd7 Rf3 36. Rb7 e5 37. Rb5 e4 38. Rxc5 Rxb3 39. Kf2 Kf7 40. Rxa5 e3+ 41. Kf3 Rb2 42. Kg3 Ke6 43. Ra8 Kd7 44. Ra5 Ke6 45. Kf4 Rxh2 46. Re5+ Kd6 47. c5+ Kc6 48. Rxe3 Kxc5 49. Kg5 Rh1 50. a5 Kb5 51. Ra3 Ka6 52. Kh4 h2 53. Ra2 Kb7 54. a6+ Ka7 55. Kg5 Kb8 56. a7+ Ka8 57. Kh4 Rg1 58. Rxh2 Kxa7 59. Kg5 Kb6 60. Rh4 Kc7 61. Kxg6 Kd7 62. g5 Ke7 63. Rh7+ Kf8 64. Rh8+ Ke7 65. Rg8 Rg2 66. Kh7 Kf7 67. g6+ Ke7 68. Kg7 Rg1 69. Ra8 Rg2 70. Ra7+ Ke8 71. Ra1 1-0

[Event "TCh-SWE Elitserien"]
[Site "Sweden SWE"]
[Date "2023.03.12"]
[Round "9.2"]
[White "Amin, B."]
[Black "Blomqvist, E."]
[Result "1-0"]
[WhiteElo "2667"]
[BlackElo "2526"]
[PlyCount "95"]
[EventDate "2022.10.14"]
[WhiteTeam "Wasa SK"]
[BlackTeam "SK Rockaden, Sthlm"]

1. e4 c5 2. Nf3 e6 3. d3 d5 4. Nbd2 Nc6 5. g3 Nf6 6. Bg2 Be7 7. O-O O-O 8. Re1 dxe4 9. dxe4 e5 10. c3 Be6 11. Qe2 h6 ({RR} 11... Qc7 12. Ng5 Bg4 13. f3 Bd7 14. Nf1 h6 15. Nh3 Rad8 16. Nf2 Rfe8 17. f4 exf4 18. gxf4 Bf8 19. e5 Nh7 20. Ne4 f5 21. exf6 Nxf6 22. Nxf6+ gxf6 23. Be3 Kh8 24. Qh5 Be6 25. f5 Qf7 26. Qh4 {Fedorov,A (2495)-Taimanov,M (2505) Minsk 1995 1-0 (64)}) ({RR} 11... Qc7 12. Nf1 Rfe8 13. Bg5 Rad8 14. Bxf6 Bxf6 15. Ne3 Ne7 16. h4 h6 17. Nd2 g6 18. a4 h5 19. Rad1 Bg7 20. Ndc4 Qc6 21. Qc2 b6 22. Nd5 Nc8 23. Rd3 Kh7 24. Red1 a6 25. Qb3 Qb7 26. Bf3 {Aronyak,G (2544)-Sarveshwaran V (2150) Chennai IND 2025 1-0 (70)}) 12. Nc4 Qc7 13. Nh4 Rfd8 $146 ({RR} 13... Nd7 14. Nf5 Bxf5 15. exf5 Rfe8 16. Ne3 Nf6 17. Nd5 Nxd5 18. Bxd5 Bf6 19. Qg4 Rad8 20. Bxh6 Kf8 21. Bxc6 Qxc6 22. Be3 e4 23. Rad1 b6 24. h4 Rd3 25. h5 Rxd1 26. Rxd1 Be5 27. Kg2 Bc7 28. Rh1 {Korostelev,S (2133)-Kosov,V (2065) Cheliabinsk 2013 1-0 (31)}) 14. Nf5 Bf8 15. a4 Bxc4 16. Qxc4 Na5 17. Qe2 Nb3 18. Rb1 c4 19. Bf1 Rd3 20. Qc2 Nxc1 21. Rbxc1 Rad8 22. Bxd3 cxd3 23. Qd2 g6 24. Nh4 h5 25. f3 Qb6+ 26. Kh1 Kh7 27. Ng2 Bh6 28. Ne3 h4 29. Rcd1 Nh5 30. Kg2 f5 31. Qf2 fxe4 32. Nc4 Qb3 33. Nd2 exf3+ 34. Nxf3 e4 35. Nd2 Bxd2 36. Rxd2 Qd5 37. c4 Qxc4 38. g4 e3 39. Qxe3 Qxg4+ 40. Kh1 Nf4 41. Rg1 Qf5 42. Qe7+ Kh6 43. Qxh4+ Kg7 44. Qe7+ Kh6 45. Qxd8 Qe4+ 46. Rdg2 Nxg2 47. Qh8+ Kg5 48. Rxg2+ 1-0

[Event "TCh-SWE Elitserien"]
[Site "Sweden SWE"]
[Date "2023.03.12"]
[Round "9.2"]
[White "Neiksans, A."]
[Black "Berg, E."]
[Result "1-0"]
[WhiteElo "2594"]
[BlackElo "2506"]
[PlyCount "73"]
[EventDate "2022.10.14"]
[WhiteTeam "SK Rockaden, Sthlm"]
[BlackTeam "Wasa SK"]

1. Nf3 Nf6 2. g3 g6 3. Bg2 Bg7 4. O-O O-O 5. d4 d6 6. c4 Nc6 7. Nc3 Rb8 8. Qd3 Nd7 ({RR} 8... Bd7 9. d5 Nb4 10. e4 a5 11. Qd1 Qc8 12. Re1 Bg4 13. Be3 Re8 14. Qd2 Nd7 15. a3 Na6 16. Nd4 Ne5 17. b3 c5 18. dxc6 bxc6 19. f4 c5 20. Ndb5 Nf3+ 21. Bxf3 Bxf3 22. Qf2 Bg4 23. Rac1 {Wojtaszek,R (2726)-Inarkiev,E (2667) Warsaw 2010 ½-½ (83)}) ({RR} 8... Bd7 9. h3 e5 10. dxe5 dxe5 11. e4 Nb4 12. Qe2 Re8 13. Be3 b6 14. a3 Na6 15. b4 c6 16. c5 Nc7 17. Rfd1 Qc8 18. Kh2 Re7 19. Qc2 b5 20. Nd2 Ne6 21. Nb3 a6 22. a4 h6 23. axb5 {Jakovljevic,V (2352)-Popovic,Z (2264) Banja Luka BIH 2024 ½-½ (34)}) 9. b3 $146 ({RR} 9. a3 e5 10. d5 Nd4 11. Be3 Nc5 12. Qd1 Ndb3 13. Ra2 a5 14. Nd2 Nd4 15. b4 axb4 16. axb4 Na6 17. b5 Nc5 18. Nde4 b6 19. Nxc5 dxc5 20. Bc1 Nf5 21. Ne4 Nd6 22. Nxd6 cxd6 {½-½ (22) Kortschnoj,V-Kotkov,Y Molotov 1956}) 9... e5 10. dxe5 Ndxe5 11. Nxe5 Nxe5 12. Qd2 a6 13. Bb2 b5 14. cxb5 axb5 15. Rfd1 Be6 16. Rac1 b4 17. Nd5 Bxd5 18. Bxd5 Nd7 19. Bxg7 Kxg7 20. Qd4+ Kg8 21. Qa7 c5 22. Bc6 Ne5 23. Rxc5 dxc5 24. Rxd8 Rfxd8 25. Bd5 Rbc8 26. e4 Rd7 27. Qa6 Rcc7 28. Qf6 Nd3 29. h4 Ra7 30. h5 Rxa2 31. h6 Kf8 32. Bxf7 Rxf2 33. Qg7+ Ke7 34. Bc4+ Kd6 35. Bxd3 Rf3 36. e5+ Kc7 37. Bb5 1-0

[Event "Titled Tue 14th Mar Early"]
[Site "chess.com INT"]
[Date "2023.03.14"]
[Round "3"]
[White "Narayanan, Sri"]
[Black "Sjugirov, S."]
[Result "1-0"]
[WhiteElo "2559"]
[BlackElo "2712"]
[PlyCount "61"]
[EventDate "2023.03.14"]

1. Nf3 d5 2. e3 Nf6 3. c4 e6 4. b3 Bd6 5. Bb2 O-O 6. Nc3 dxc4 ({RR} 6... b6 7. Qc2 c6 8. Be2 Bb7 9. cxd5 exd5 10. O-O Nbd7 11. Rac1 Re8 12. Rfd1 Nc5 13. d3 Rc8 14. b4 Ne6 15. Qb3 Qe7 16. a3 c5 17. bxc5 bxc5 18. Nb5 Bb8 19. Bxf6 gxf6 20. Rb1 Bc6 21. d4 {So,W (2812)-Caruana,F (2808) Paris 2017 0-1 (59)}) ({RR} 6... a6 7. Rc1 Re8 8. g3 c5 9. Bg2 Nc6 10. cxd5 exd5 11. O-O Bg4 12. h3 Bh5 13. Ne2 Nb4 14. Nf4 Bxf4 15. exf4 Nd3 16. Bxf6 Qxf6 17. Rc3 c4 18. bxc4 dxc4 19. g4 Nxf4 20. gxh5 Ne2+ 21. Kh1 {Narayanan,S (2533)-Sielecki,C (2403) chess.com INT 2024 0-1 (45)}) 7. Bxc4 b6 $146 ({RR} 7... Qe7 8. d4 c5 9. O-O cxd4 10. Nxd4 a6 11. Qf3 Nbd7 12. Qh3 Ne5 13. Be2 Ba3 14. Bxa3 Qxa3 15. Rad1 b5 16. Qg3 Ng6 17. h4 Bb7 18. h5 Ne7 19. h6 g6 20. Qe5 Ne8 21. Bg4 Nf5 22. Nxe6 {Santosh,S (1889)-Rose,F (2093) chess.com INT 2024 1-0 (34)}) 8. O-O Bb7 9. d4 a6 10. Rc1 Nbd7 11. Qe2 b5 12. Bd3 c5 13. Rfd1 Qe7 14. a4 b4 15. Nb1 cxd4 16. Nxd4 Nc5 17. Bc2 Nfe4 18. f3 Qh4 19. g3 Nxg3 20. hxg3 Bxg3 21. Qg2 g6 22. Bxg6 hxg6 23. Rxc5 Rfd8 24. Rdc1 Rd7 25. Ne2 Bd6 26. R5c4 Qh5 27. Qf2 Rad8 28. Rh4 Qg5+ 29. Kf1 e5 30. Rg4 Qh5 31. e4 1-0

[Event "Titled Tue 14th Mar Early"]
[Site "chess.com INT"]
[Date "2023.03.14"]
[Round "4"]
[White "Lenderman, A."]
[Black "Narayanan, Sri"]
[Result "1-0"]
[WhiteElo "2572"]
[BlackElo "2559"]
[PlyCount "71"]
[EventDate "2023.03.14"]

1. Nf3 d5 2. e3 Nf6 3. c4 e6 4. b3 b6 5. Bb2 Bb7 6. Nc3 Nbd7 7. Rc1 a6 8. cxd5 exd5 9. Ne2 c5 ({RR} 9... g6 10. g3 Bg7 11. Bg2 Qe7 12. Rxc7 Qd6 13. Rxb7 Nc5 14. Be5 Nd3+ 15. Kf1 Nxe5 16. Nxe5 Qxe5 17. Rxb6 O-O 18. Rc6 Rac8 19. Rc3 Ne4 20. Bxe4 Qxe4 21. Kg1 Bxc3 22. Nxc3 Qd3 23. Kg2 d4 24. Nd5 {Madaminov,M (2536)-Rosen,E (2377) chess.com INT 2025 1-0 (79)}) 10. d4 Rc8 $146 ({RR} 10... g6 11. Nf4 Bg7 12. Be2 Ne4 13. Rc2 O-O 14. O-O Rc8 15. Qa1 Qe7 16. dxc5 Bxb2 17. Qxb2 bxc5 18. Nd2 Ndf6 19. Nxe4 Nxe4 20. Rfc1 Rc7 21. Bf3 Rfc8 22. Qa3 Qe8 23. Rd1 Qe5 24. Bxe4 Qxe4 25. Qc1 {Ubilava,E (2415)-Fuentes Guinot,A (2120) Benasque ESP 2024 ½-½ (76)}) ({RR} 10... g6 11. Nf4 Bg7 12. Be2 O-O 13. O-O Re8 14. Rc2 Rc8 15. Qa1 Ne4 16. dxc5 Bxb2 17. Qxb2 bxc5 18. Rd1 Nb6 19. Bd3 Qf6 20. Qc1 c4 21. Bxe4 Rxe4 22. Nd4 a5 23. Qb1 Ba6 24. h3 Ree8 25. Nde2 {Le,Q (2731)-Bacrot,E (2683) chess.com INT 2024 1-0}) 11. Nc3 Be7 12. dxc5 bxc5 13. Bd3 O-O 14. O-O Nb6 15. Qe2 c4 16. Bf5 Rc7 17. Rfd1 Qb8 18. Nb1 cxb3 19. axb3 Rxc1 20. Rxc1 Re8 21. Nd4 Qd6 22. Bd3 a5 23. Nf5 Qd7 24. Nxg7 Kxg7 25. Bb5 Qd8 26. Bxe8 Qxe8 27. Qg4+ Kh8 28. Qg5 Qd8 29. Nd2 Nbd7 30. Nf3 Qb6 31. Ne5 Nxe5 32. Bxe5 a4 33. bxa4 Ba6 34. h3 Bc4 35. a5 Qa6 36. Rb1 1-0